| 000 | 00753nam a2200277Ia 4500 | ||
|---|---|---|---|
| 003 | SMC | ||
| 005 | 20170125120907.0 | ||
| 008 | 160901s9999 xx 000 0 und d | ||
| 020 | _a978-971-37-0417-7 | ||
| 050 | _aComSc QA 76.73 | ||
| 050 | _b.B3A45 2012 c.1 | ||
| 100 | _aAllaga, Wendelyn. | ||
| 245 | _aVisual basic / | ||
| 245 | _cby Wendelyn Allaga and Jemma Development Group. | ||
| 260 | _aManila : | ||
| 260 | _bJemma inc., | ||
| 260 | _c2012 | ||
| 300 | _a232 pages : | ||
| 300 | _bill. ; | ||
| 300 | _c25 cm. | ||
| 500 | _aIncludes bibliographical references. | ||
| 650 | _aBASIC (Computer program language). | ||
| 650 | _aVisual programming (Computer science). | ||
| 650 | _xMicrosoft Visual Basic. | ||
| 942 |
_2lcc _cBK |
||
| 999 |
_c300817 _d300817 |
||